| 000 | 00447cam a22001217a 4500 | ||
|---|---|---|---|
| 008 | 180718b-- xxu||||| |||| 00| 0 eng d | ||
| 082 | _aXA94068x5453 W892/M | ||
| 100 | _aIndia. Ministry of Labour and Employment. Labour Bureau | ||
| 245 | _aWorking class family income and expenditure survey, Mundakayam | ||
| 260 |
_aDelhi _bThe Controller of Publications _c-- |
||
| 500 | _aLibrary has 1999/2000 | ||
| 650 | _aHouseholds - India - Kerala - Mundakayam | ||
| 999 |
_c487593 _d487593 |
||